000 00277nam a2200109Ia 4500
008 200302s9999 xx 000 0 und d
100 _aDiane Wright
245 _aBeautiful Landscapes : Drawing Made Easy
260 _bWalter Foster Publishing Inc
260 _c2011
300 _a64
999 _c4581
_d4581